000 00714nam a22001817a 4500
008 160503b xxu||||| |||| 00| 0 eng d
020 _a971-550-489-2
082 _22006
_aDFil 959.9035092
_bM81d
100 _97402
_aMorales, Maria Virginia Yap
245 _aDiary of the war:
_bworld war II memoirs of Lt. Col. Anastacio Campo/
_cMaria Virginia Yap Morales.
260 _aQuezon City:
_bAteneo de Manila University Press,
_cc2006.
300 _axiii, 265 pages;
_c23 cm.
500 _aIncludes bibliographical references.
650 0 _97403
_aCampo, Anastacio
_xMilitary life.
650 0 _97408
_aWorld war II, 1941-1945.
650 0 _97409
_aPhilippine history
_xJapanese occupation, 1941-1945.
942 _2ddc
_cDFIL
999 _c2260
_d2260